• 首页
  • 本馆介绍
  • 公告通知
  • 最新文献
  • 馆藏检索
  • 电子资源
  • 读者导购
  • 参考咨询
  • 我的图书馆
  • 登录
  • 详细信息显示
  • 放入我的书架
  • 预约/预借图书
  • 作者相关作品
  • 分类相关作品
  • 丛书相关作品
  • 出版社相关作品

书目信息

  • 表格格式
  • 工作单格式
  • 卡片格式
题名:
水知道答案
    
 
作者: 江本胜 著 ;陈晶 译
分册: 3  
出版信息: 海口   南海出版公司  2011.05
页数: 149页
开本: 21cm
丛书名: 新经典文库
单 册:
中图分类: O742-49
科图分类:
主题词: 结晶水--普及读物 , 结晶水
电子资源:
ISBN: 978-7-5442-5121-1
000 01064oam2 2200313 450
001 002710166
005 20130609083811.04
010    @a978-7-5442-5121-1@dCNY22.00@z7-5442-5121-7
100    @a20110611d2011 em y0chiy50 ea
101 1  @achi@cjpn
102    @aCN@b460000
105    @aa z 000yy
106    @ar
200 1  @a水知道答案@9shui zhi dao da an@h3@e水能传递爱的力量@f(日)江本胜著@g陈晶译
210    @a海口@c南海出版公司@d2011.05
215    @a149页@c图@d21cm
225 2  @a新经典文库@v489
312    @a封面英文题名:Water knows the answers
330    @a本书共分为6章,主要内容包括:水知道爱的力量;你是谁;爱的起源;水之旅;祈祷的力量;爱让波长合在一起。
461  0 @12001 @a新经典文库@v489
510 1  @aWater knows the answers@zeng
517 1  @a水能传递爱的力量@9shui neng chuan di ai de li liang
606 0  @a结晶水@j普及读物
606 0  @a结晶水
690    @aO742-49@v4
701  0 @c(日)@a江本胜@9jiang ben sheng@f(1943-)@4著
702  0 @a陈晶@9chen jing@f(1934-)@4译
801  0 @aCN@bRENTIAN@c20110611
905    @dO742-49@e6
    
    水知道答案.3:水能传递爱的力量/(日)江本胜著/陈晶译.-海口:南海出版公司,2011.05
    149页:图;21cm.-(新经典文库;489)
    
    
    ISBN 978-7-5442-5121-1:CNY22.00
    本书共分为6章,主要内容包括:水知道爱的力量;你是谁;爱的起源;水之旅;祈祷的力量;爱让波长合在一起。
●
相关链接 在E读中查询图书 在五车中查询图书 在当当中查询图书 在豆瓣中查询图书


正题名:水知道答案     索取号:O742-49/6         预约/预借

序号 登录号 条形码 馆藏地/架位号 状态 备注
1 0545161   205451615   第二样本阅览室/ [索取号:O742-49/6] 在馆    
2 0545162   205451624   第三借阅区/ [索取号:O742-49/6] 在馆    
3 0545163   205451633   第三借阅区/ [索取号:O742-49/6] 在馆    
4 0545164   205451642   第三借阅区/ [索取号:O742-49/6] 在馆    
5 0545165   205451651   第三借阅区/ [索取号:O742-49/6] 在馆    
唐山师范学院图书馆 欢迎您!
大连网信软件有限公司© 版权所有